000 00479nam a2200169Ia 4500
005 20250508160054.0
008 008 250505s9999 xx 000 0 eng d
037 _aTextual
040 _aFEDL
_beng
_cFEDL
041 _aeng
_2eng
084 _a373.73, COO
_qFEDL
245 0 _aEvaluative criteria 1950 edition
260 _aStanford
_bCooperative Study of Secondary-School
_c1950
300 _a305p.
942 _cTEXL
_h373.73, COO
999 _c1361506
_d1361506